Missing Word: Broadway Plays in Movie Titles Quiz Stats

Quiz Updated Jan 17, 2018

Challenge
Share
Tweet
Embed
Score 0/13 Timer 02:00
1 Play Today
Movie Play % Correct
The Truth About _____ and DogsCats
92.7%
Something ______ This Way ComesWicked
74.9%
The _______ of the ChristPassion
74.3%
_____ 1/2 WeeksNine
72.7%
_____ HallAnnie
71.2%
Easter _______Parade
43.1%
Guts & Glory: The Rise and Fall of _______ NorthOliver
31.5%
________ BelleMemphis
21.7%
Love for _____Rent
19.7%
A Knight in ________Camelot
19.4%
Last Chance _______Harvey
8.9%
Rugrats: ______ TroublesTommy
5.1%
The ________ MenCompany
3.2%

Today's Daily Dose

Missing Word
NPR Programs

Quick Pick
1991 Events

On This Day
June 18th II

You're not logged in!

Compare scores with friends on all Sporcle quizzes.
Join for Free
OR
Log In

You Might Also Like...

Show Comments

Extras

Top Quizzes Today


Score Distribution

Your Account Isn't Verified!

In order to create a playlist on Sporcle, you need to verify the email address you used during registration. Go to your Sporcle Settings to finish the process.

Report this User

Report this user for behavior that violates our Community Guidelines.

Details: